000 00368nam a2200169Ia 4500
001 12757
005 20250626030601.0
008 211022s9999 xx 000 0 und d
082 _a304.209 DIA
100 _aDiamond, Jared M.
245 0 _aGuns, germs and steel
260 _aLondon
260 _bVintage Books
260 _c2017
300 _a480
942 _cBK
999 _c11408
_d11408